000 00536nam a22002057a 4500
003 UA-OsUOA
001 9597
007 ta
008 20041115b un ||||| |||| 00| 0 ukr d
100 _aКрасюк П.
942 _cSA
040 _aUA-OsUOA
_bukr
_cUA-OsUOA
_dUA-OsUOA
245 _aЗ нових байок
300 _aС.8
955 _a0
041 _aukr
044 _aUA
773 0 _w0
_tЛітературна Україна
_dКиїв
_d2004
_g№44 /11листоп./
650 7 _aХудожня література
_2UDC
999 _c295758
_d295758